Catálogo
 En Linea

La metamorfosis de la ideología : (Registro nro. 40221)

Detalles MARC
000 -CABECERA
campo de control de longitud fija 00499nam a2200145 a 4500
001 - NÚMERO DE CONTROL
campo de control 000040731
005 - FECHA Y HORA DE LA ÚLTIMA TRANSACCIÓN
campo de control 20201002034334.0
008 - DATOS DE LONGITUD FIJA--INFORMACIÓN GENERAL
campo de control de longitud fija 130905s2011 sp a 000 0 spa d
040 ## - FUENTE DE LA CATALOGACIÓN
Centro catalogador/agencia de origen DO-SdBNP
Lengua de catalogación spa
Centro/agencia transcriptor BNPHU
100 1# - ENTRADA PRINCIPAL--NOMBRE DE PERSONA
Nombre de persona González Serra, Luis
9 (RLIN) 67127
245 13 - MENCIÓN DE TÍTULO
Título La metamorfosis de la ideología :
Resto del título Ensayos sobre el poder, la justicia y el orden cosmopolita /
Mención de responsabilidad, etc. Luis González Serra.
260 ## - PUBLICACIÓN, DISTRIBUCIÓN, ETC.
Lugar de publicación, distribución, etc. Madrid :
Nombre del editor, distribuidor, etc. Fundación Ramón Areces,
Fecha de publicación, distribución, etc. 2011.
300 ## - DESCRIPCIÓN FÍSICA
Extensión 574 p. ;
Dimensiones 26 cm.
504 ## - NOTA DE BIBLIOGRAFÍA, ETC.
Nota de bibliografía, etc. Bibliografía
Existencias
Estado de retiro Estado de pérdida Restricciones de uso No para préstamo Código de colección Localización permanente Ubicación/localización actual Ubicación en estantería Fecha de adquisición Número de inventario Total de préstamos Signatura topográfica completa Código de barras Fecha visto por última vez Precio válido a partir de Tipo de ítem Koha
        Monografías: Libros y Folletos General General Orden iniciada 05.09.2013 LF1   40731-10 25.06.2020 25.06.2020 No se presta

Con tecnología Koha